| 000 | 00793cam a22001935a 4500 | ||
|---|---|---|---|
| 001 | L140586 | ||
| 008 | 071001s1807 xxk eng u | ||
| 035 | _a(Sirsi) u140586 | ||
| 041 | 0 | _aeng | |
| 245 | 0 | 1 | _a[Newspaper clipping from the Bristol Mercury vol. 18 no. 917, Monday 11 May 1807] |
| 260 |
_a[Bristol] _bs.n. _c1807 |
||
| 300 |
_a1 sheet _bmounted _c27 x 34 cm. |
||
| 351 | _cSingle item | ||
| 500 | _aNewspaper cutting from the Bristol Mercury showing details of an auction to be held at Tewkesbury, as well as an advertisement for George Morris, 'land, timber and tythe surveyor and auctioneer'. | ||
| 500 | _aItem is mounted on to card. | ||
| 651 | 4 | _aGloucestershire | |
| 690 | _aPROPERTY-PROPERTY ACQUISITION AND DISPOSAL-ACQUISITION AND DISPOSAL AT AUCTION | ||
| 942 | _n0 | ||
| 999 |
_c116375 _d116375 |
||